<?xml version="1.0" encoding="UTF-8"?>
<record
    xmlns:xsi="http://www.w3.org/2001/XMLSchema-instance"
    xsi:schemaLocation="http://www.loc.gov/MARC21/slim http://www.loc.gov/standards/marcxml/schema/MARC21slim.xsd"
    xmlns="http://www.loc.gov/MARC21/slim">

  <leader>02151nam a22003857a 4500</leader>
  <datafield tag="999" ind1=" " ind2=" ">
    <subfield code="c">63371</subfield>
    <subfield code="d">63371</subfield>
  </datafield>
  <controlfield tag="005">20240530110637.0</controlfield>
  <controlfield tag="008">170925b        ua ao  f      000 0 ara d</controlfield>
  <datafield tag="017" ind1=" " ind2=" ">
    <subfield code="b">&#x645;&#x635;&#x631;. &#x62F;&#x627;&#x631; &#x627;&#x644;&#x643;&#x62A;&#x628;</subfield>
  </datafield>
  <datafield tag="040" ind1=" " ind2=" ">
    <subfield code="a">EG-CaGPL</subfield>
    <subfield code="c">EG-CaGPL</subfield>
  </datafield>
  <datafield tag="082" ind1="0" ind2="4">
    <subfield code="2">21</subfield>
    <subfield code="a">355.033062</subfield>
    <subfield code="b">&#x642;/&#x648; &#x62C;</subfield>
  </datafield>
  <datafield tag="110" ind1="1" ind2=" ">
    <subfield code="a">&#x648;&#x632;&#x627;&#x631;&#x629; &#x627;&#x644;&#x62F;&#x641;&#x627;&#x639; </subfield>
  </datafield>
  <datafield tag="245" ind1="1" ind2="0">
    <subfield code="a">&#x645;&#x639;&#x627;&#x631;&#x643; &#x627;&#x644;&#x62C;&#x64A;&#x634; &#x627;&#x644;&#x645;&#x635;&#x631;&#x649; &#x641;&#x649; &#x627;&#x644;&#x639;&#x635;&#x631; &#x627;&#x644;&#x62D;&#x62F;&#x64A;&#x62B; /</subfield>
    <subfield code="c">&#x648;&#x632;&#x627;&#x631;&#x629; &#x627;&#x644;&#x62F;&#x641;&#x627;&#x639; .</subfield>
  </datafield>
  <datafield tag="250" ind1=" " ind2=" ">
    <subfield code="a">&#x637;.1</subfield>
  </datafield>
  <datafield tag="260" ind1=" " ind2=" ">
    <subfield code="a">&#x627;&#x644;&#x642;&#x627;&#x647;&#x631;&#x629; : </subfield>
    <subfield code="b">&#x648;&#x632;&#x627;&#x631;&#x629; &#x627;&#x644;&#x62F;&#x641;&#x627;&#x639; </subfield>
  </datafield>
  <datafield tag="300" ind1=" " ind2=" ">
    <subfield code="a">10 &#x62C; :</subfield>
    <subfield code="b">&#x635;&#x648;&#x631; &#x644;&#x648; &#x61B;</subfield>
    <subfield code="c">20 &#x633;&#x645; .</subfield>
  </datafield>
  <datafield tag="505" ind1="0" ind2="0">
    <subfield code="a">&#x627;&#x644;&#x62C;&#x632;&#x621; &#x627;&#x644;&#x627;&#x648;&#x644; : &#x645;&#x639;&#x631;&#x643;&#x629; &#x631;&#x634;&#x64A;&#x62F; &#x62D;&#x631;&#x648;&#x628; &#x634;&#x628;&#x647; &#x627;&#x644;&#x62C;&#x632;&#x64A;&#x631;&#x629; &#x627;&#x644;&#x639;&#x631;&#x628;&#x64A;&#x629; -- &#x627;&#x644;&#x62C;&#x632;&#x621; &#x627;&#x644;&#x62B;&#x627;&#x646;&#x649; : &#x62D;&#x631;&#x628; &#x62C;&#x632;&#x631;&#x627;&#x644;&#x64A;&#x648;&#x646;&#x627;&#x646; &#x627;&#x644;&#x62D;&#x631;&#x648;&#x628; &#x627;&#x644;&#x645;&#x635;&#x631;&#x64A;&#x629; &#x627;&#x644;&#x62A;&#x631;&#x643;&#x64A;&#x629; -- &#x627;&#x644;&#x62C;&#x632;&#x621; &#x627;&#x644;&#x62B;&#x627;&#x644;&#x62B; : &#x645;&#x639;&#x631;&#x643;&#x629; &#x639;&#x643;&#x627; -- &#x627;&#x644;&#x62C;&#x632;&#x621; &#x627;&#x644;&#x631;&#x627;&#x628;&#x639; &#x645;&#x639;&#x631;&#x643;&#x629; &#x628;&#x64A;&#x644;&#x627;&#x646; -- &#x627;&#x644;&#x62C;&#x632;&#x621; &#x627;&#x644;&#x62E;&#x627;&#x645;&#x633; &#x645;&#x639;&#x631;&#x643;&#x629; &#x642;&#x648;&#x646;&#x64A;&#x629; -- &#x627;&#x644;&#x62C;&#x632;&#x621; &#x627;&#x644;&#x633;&#x627;&#x62F;&#x633; : &#x645;&#x639;&#x631;&#x643;&#x629; &#x646;&#x632;&#x64A;&#x62A; -- &#x627;&#x644;&#x62C;&#x632;&#x621; &#x627;&#x644;&#x633;&#x627;&#x628;&#x639; &#x627;&#x644;&#x62D;&#x631;&#x648;&#x628; &#x627;&#x644;&#x631;&#x648;&#x633;&#x64A;&#x629; &#x62D;&#x631;&#x628; &#x627;&#x644;&#x642;&#x631;&#x645; &#x62D;&#x631;&#x648;&#x628; &#x627;&#x644;&#x645;&#x643;&#x633;&#x64A;&#x643; &#x62D;&#x631;&#x628; &#x627;&#x644;&#x635;&#x631;&#x628; -- &#x627;&#x644;&#x62C;&#x632;&#x621; &#x627;&#x644;&#x62B;&#x627;&#x645;&#x646; &#x62D;&#x631;&#x628; &#x627;&#x644;&#x627;&#x633;&#x643;&#x646;&#x62F;&#x631;&#x64A;&#x629; &#x648; &#x627;&#x644;&#x62B;&#x648;&#x631;&#x629; &#x627;&#x644;&#x639;&#x631;&#x627;&#x628;&#x64A;&#x629; -- &#x627;&#x644;&#x62C;&#x632;&#x621; &#x627;&#x644;&#x62A;&#x627;&#x633;&#x639; : &#x627;&#x644;&#x62D;&#x631;&#x628; &#x627;&#x644;&#x639;&#x627;&#x644;&#x645;&#x64A;&#x629; &#x627;&#x644;&#x627;&#x648;&#x644;&#x649; -- &#x627;&#x644;&#x62C;&#x632;&#x621; &#x627;&#x644;&#x639;&#x627;&#x634;&#x631; &#x627;&#x644;&#x62D;&#x631;&#x628; &#x627;&#x644;&#x639;&#x627;&#x644;&#x645;&#x64A;&#x629; &#x627;&#x644;&#x62B;&#x627;&#x646;&#x64A;&#x629; .</subfield>
  </datafield>
  <datafield tag="650" ind1="0" ind2="7">
    <subfield code="2">qrmak</subfield>
    <subfield code="a">&#x627;&#x644;&#x62C;&#x64A;&#x634; &#x627;&#x644;&#x645;&#x635;&#x631;&#x649; &#x627;&#x644;&#x642;&#x62F;&#x64A;&#x645; .</subfield>
  </datafield>
  <datafield tag="650" ind1="0" ind2="7">
    <subfield code="2">qrmak</subfield>
    <subfield code="a">&#x627;&#x644;&#x62D;&#x631;&#x628; &#x627;&#x644;&#x639;&#x627;&#x644;&#x645;&#x64A;&#x629; &#x627;&#x644;&#x62B;&#x627;&#x646;&#x64A;&#x629; .</subfield>
  </datafield>
  <datafield tag="650" ind1="0" ind2="7">
    <subfield code="2">qrmak</subfield>
    <subfield code="a">&#x627;&#x644;&#x62D;&#x631;&#x628; &#x627;&#x644;&#x639;&#x627;&#x644;&#x645;&#x64A;&#x629; &#x627;&#x644;&#x627;&#x648;&#x644;&#x649;</subfield>
  </datafield>
  <datafield tag="650" ind1="0" ind2="7">
    <subfield code="2">qrmak</subfield>
    <subfield code="a">&#x62D;&#x631;&#x628; &#x627;&#x644;&#x627;&#x633;&#x643;&#x646;&#x62F;&#x631;&#x64A;&#x629;</subfield>
  </datafield>
  <datafield tag="650" ind1="0" ind2="7">
    <subfield code="2">qrmak</subfield>
    <subfield code="a">&#x645;&#x639;&#x631;&#x643;&#x629; &#x631;&#x634;&#x64A;&#x62F;</subfield>
  </datafield>
  <datafield tag="650" ind1="0" ind2="7">
    <subfield code="2">qrmak</subfield>
    <subfield code="a">&#x62D;&#x631;&#x628; &#x62C;&#x632;&#x631; &#x627;&#x644;&#x64A;&#x648;&#x646;&#x627;&#x646;</subfield>
  </datafield>
  <datafield tag="650" ind1="0" ind2="7">
    <subfield code="2">qrmak</subfield>
    <subfield code="a">&#x645;&#x639;&#x631;&#x643;&#x629; &#x639;&#x643;&#x627;</subfield>
  </datafield>
  <datafield tag="650" ind1="0" ind2="7">
    <subfield code="2">qrmak</subfield>
    <subfield code="a">&#x645;&#x639;&#x631;&#x643;&#x629; &#x628;&#x64A;&#x644;&#x627;&#x646; </subfield>
  </datafield>
  <datafield tag="650" ind1="0" ind2="7">
    <subfield code="2">qrmak</subfield>
    <subfield code="a">&#x645;&#x639;&#x631;&#x643;&#x629; &#x642;&#x648;&#x646;&#x64A;&#x629; .</subfield>
  </datafield>
  <datafield tag="650" ind1="0" ind2="7">
    <subfield code="2">qrmak</subfield>
    <subfield code="a">&#x645;&#x639;&#x631;&#x643;&#x629; &#x646;&#x632;&#x64A;&#x62A;</subfield>
  </datafield>
  <datafield tag="650" ind1="0" ind2="7">
    <subfield code="2">qrmak</subfield>
    <subfield code="a">&#x62D;&#x631;&#x628; &#x627;&#x644;&#x635;&#x631;&#x628;</subfield>
  </datafield>
  <datafield tag="650" ind1="0" ind2="7">
    <subfield code="2">qrmak</subfield>
    <subfield code="a">&#x62D;&#x631;&#x648;&#x628; &#x627;&#x644;&#x645;&#x643;&#x633;&#x64A;&#x643; </subfield>
  </datafield>
  <datafield tag="650" ind1="0" ind2="7">
    <subfield code="2">qrmak</subfield>
    <subfield code="a">&#x62D;&#x631;&#x628; &#x627;&#x644;&#x642;&#x631;&#x645;</subfield>
  </datafield>
  <datafield tag="650" ind1="0" ind2="7">
    <subfield code="2">qrmak</subfield>
    <subfield code="a">&#x645;&#x639;&#x631;&#x643;&#x629; &#x627;&#x646;&#x637;&#x627;&#x643;&#x64A;&#x629; .</subfield>
  </datafield>
  <datafield tag="650" ind1="0" ind2="7">
    <subfield code="2">qrmak</subfield>
    <subfield code="a">&#x645;&#x639;&#x631;&#x643;&#x629; &#x639;&#x64A;&#x646; &#x62C;&#x627;&#x644;&#x648;&#x62A; .</subfield>
  </datafield>
  <datafield tag="651" ind1="0" ind2="7">
    <subfield code="2">qrmak</subfield>
    <subfield code="a">&#x645;&#x635;&#x631; &#x627;&#x644;&#x642;&#x62F;&#x64A;&#x645;&#x629; </subfield>
    <subfield code="x">&#x645;&#x639;&#x627;&#x631;&#x643; .</subfield>
  </datafield>
  <datafield tag="942" ind1=" " ind2=" ">
    <subfield code="2">ddc</subfield>
    <subfield code="c">BK</subfield>
  </datafield>
  <datafield tag="952" ind1=" " ind2=" ">
    <subfield code="0">0</subfield>
    <subfield code="1">0</subfield>
    <subfield code="4">0</subfield>
    <subfield code="7">0</subfield>
    <subfield code="a">CAI</subfield>
    <subfield code="b">CAI</subfield>
    <subfield code="c">CAIRO-LIBRARY</subfield>
    <subfield code="d">2017-09-25</subfield>
    <subfield code="l">0</subfield>
    <subfield code="o">355.033062 &#x642;/&#x648; &#x62C;</subfield>
    <subfield code="p">163369</subfield>
    <subfield code="r">2017-09-25 00:00:00</subfield>
    <subfield code="w">2017-09-25</subfield>
    <subfield code="y">BK</subfield>
  </datafield>
  <datafield tag="952" ind1=" " ind2=" ">
    <subfield code="0">0</subfield>
    <subfield code="1">0</subfield>
    <subfield code="4">0</subfield>
    <subfield code="7">0</subfield>
    <subfield code="a">CAI</subfield>
    <subfield code="b">CAI</subfield>
    <subfield code="c">CAIRO-LIBRARY</subfield>
    <subfield code="d">2017-09-25</subfield>
    <subfield code="l">0</subfield>
    <subfield code="o">355.033062 &#x642;/&#x648; &#x62C;</subfield>
    <subfield code="p">163370</subfield>
    <subfield code="r">2017-09-25 00:00:00</subfield>
    <subfield code="w">2017-09-25</subfield>
    <subfield code="y">BK</subfield>
  </datafield>
  <datafield tag="952" ind1=" " ind2=" ">
    <subfield code="0">0</subfield>
    <subfield code="1">0</subfield>
    <subfield code="4">0</subfield>
    <subfield code="7">0</subfield>
    <subfield code="a">CAI</subfield>
    <subfield code="b">CAI</subfield>
    <subfield code="c">CAIRO-LIBRARY</subfield>
    <subfield code="d">2017-09-25</subfield>
    <subfield code="l">0</subfield>
    <subfield code="o">355.033062 &#x642;/&#x648; &#x62C;</subfield>
    <subfield code="p">163371</subfield>
    <subfield code="r">2017-09-25 00:00:00</subfield>
    <subfield code="w">2017-09-25</subfield>
    <subfield code="y">BK</subfield>
  </datafield>
  <datafield tag="952" ind1=" " ind2=" ">
    <subfield code="0">0</subfield>
    <subfield code="1">0</subfield>
    <subfield code="4">0</subfield>
    <subfield code="7">0</subfield>
    <subfield code="a">CAI</subfield>
    <subfield code="b">CAI</subfield>
    <subfield code="c">CAIRO-LIBRARY</subfield>
    <subfield code="d">2017-09-25</subfield>
    <subfield code="l">0</subfield>
    <subfield code="o">355.033062 &#x642;/&#x648; &#x62C;</subfield>
    <subfield code="p">163372</subfield>
    <subfield code="r">2017-09-25 00:00:00</subfield>
    <subfield code="w">2017-09-25</subfield>
    <subfield code="y">BK</subfield>
  </datafield>
  <datafield tag="952" ind1=" " ind2=" ">
    <subfield code="0">0</subfield>
    <subfield code="1">0</subfield>
    <subfield code="4">0</subfield>
    <subfield code="7">0</subfield>
    <subfield code="a">CAI</subfield>
    <subfield code="b">CAI</subfield>
    <subfield code="c">CAIRO-LIBRARY</subfield>
    <subfield code="d">2017-09-25</subfield>
    <subfield code="l">0</subfield>
    <subfield code="o">355.033062 &#x642;/&#x648; &#x62C;</subfield>
    <subfield code="p">163373</subfield>
    <subfield code="r">2017-09-25 00:00:00</subfield>
    <subfield code="w">2017-09-25</subfield>
    <subfield code="y">BK</subfield>
  </datafield>
  <datafield tag="952" ind1=" " ind2=" ">
    <subfield code="0">0</subfield>
    <subfield code="1">0</subfield>
    <subfield code="4">0</subfield>
    <subfield code="7">0</subfield>
    <subfield code="a">CAI</subfield>
    <subfield code="b">CAI</subfield>
    <subfield code="c">CAIRO-LIBRARY</subfield>
    <subfield code="d">2017-09-25</subfield>
    <subfield code="l">0</subfield>
    <subfield code="o">355.033062 &#x642;/&#x648; &#x62C;</subfield>
    <subfield code="p">163374</subfield>
    <subfield code="r">2017-09-25 00:00:00</subfield>
    <subfield code="w">2017-09-25</subfield>
    <subfield code="y">BK</subfield>
  </datafield>
  <datafield tag="952" ind1=" " ind2=" ">
    <subfield code="0">0</subfield>
    <subfield code="1">0</subfield>
    <subfield code="4">0</subfield>
    <subfield code="7">0</subfield>
    <subfield code="a">CAI</subfield>
    <subfield code="b">CAI</subfield>
    <subfield code="c">CAIRO-LIBRARY</subfield>
    <subfield code="d">2017-09-25</subfield>
    <subfield code="l">0</subfield>
    <subfield code="o">355.033062 &#x642;/&#x648; &#x62C;</subfield>
    <subfield code="p">163375</subfield>
    <subfield code="r">2017-09-25 00:00:00</subfield>
    <subfield code="w">2017-09-25</subfield>
    <subfield code="y">BK</subfield>
  </datafield>
  <datafield tag="952" ind1=" " ind2=" ">
    <subfield code="0">0</subfield>
    <subfield code="1">0</subfield>
    <subfield code="4">0</subfield>
    <subfield code="7">0</subfield>
    <subfield code="a">CAI</subfield>
    <subfield code="b">CAI</subfield>
    <subfield code="c">CAIRO-LIBRARY</subfield>
    <subfield code="d">2017-09-25</subfield>
    <subfield code="l">0</subfield>
    <subfield code="o">355.033062 &#x642;/&#x648; &#x62C;</subfield>
    <subfield code="p">163376</subfield>
    <subfield code="r">2017-09-25 00:00:00</subfield>
    <subfield code="w">2017-09-25</subfield>
    <subfield code="y">BK</subfield>
  </datafield>
  <datafield tag="952" ind1=" " ind2=" ">
    <subfield code="0">0</subfield>
    <subfield code="1">0</subfield>
    <subfield code="4">0</subfield>
    <subfield code="7">0</subfield>
    <subfield code="a">CAI</subfield>
    <subfield code="b">CAI</subfield>
    <subfield code="c">CAIRO-LIBRARY</subfield>
    <subfield code="d">2017-09-25</subfield>
    <subfield code="l">0</subfield>
    <subfield code="o">355.033062 &#x642;/&#x648; &#x62C;</subfield>
    <subfield code="p">163377</subfield>
    <subfield code="r">2017-09-25 00:00:00</subfield>
    <subfield code="w">2017-09-25</subfield>
    <subfield code="y">BK</subfield>
  </datafield>
  <datafield tag="952" ind1=" " ind2=" ">
    <subfield code="0">0</subfield>
    <subfield code="1">0</subfield>
    <subfield code="4">0</subfield>
    <subfield code="7">0</subfield>
    <subfield code="a">CAI</subfield>
    <subfield code="b">CAI</subfield>
    <subfield code="c">CAIRO-LIBRARY</subfield>
    <subfield code="d">2017-09-25</subfield>
    <subfield code="l">0</subfield>
    <subfield code="o">355.033062 &#x642;/&#x648; &#x62C;</subfield>
    <subfield code="p">163378</subfield>
    <subfield code="r">2017-09-25 00:00:00</subfield>
    <subfield code="w">2017-09-25</subfield>
    <subfield code="y">BK</subfield>
  </datafield>
</record>
